Schaum's Outline of Financial Management, Third Edition. (Record no. 3175)
[ view plain ]
| 000 -LEADER | |
|---|---|
| fixed length control field | 01478nam a2200265 4500 |
| 020 ## - INTERNATIONAL STANDARD BOOK NUMBER | |
| ISBN | 0071635318 |
| 020 ## - INTERNATIONAL STANDARD BOOK NUMBER | |
| ISBN | 1282584448 |
| 020 ## - INTERNATIONAL STANDARD BOOK NUMBER | |
| ISBN | 9781282584440 |
| 050 ## - CALL NUMBER | |
| Classification number | HG4026 |
| Item number | .Sh6 |
| 100 ## - AUTHOR | |
| Personal name | Shim, Jae K.; |
| 110 ## - AUTHOR | |
| CORPORATE AUTHOR | Shim, Jae K.; Joel G Siegel |
| 245 ## - TITLE | |
| Title | Schaum's Outline of Financial Management, Third Edition. |
| 250 ## - EDITION | |
| Edition statement | 3rd ed. |
| 260 ## - PUBLICATION INFORMATION | |
| Place of publication | New York, |
| Name of publisher | McGraw-Hill |
| Year of publication | 2007 |
| 300 ## - DESCRIPTION | |
| Number of Pages | viii, 488 p.; |
| Other physical details | illus., |
| Dimensions | 27 cm. |
| 440 ## - SERIES | |
| SERIES | Schaum's Outline. |
| 500 ## - NOTES | |
| General note | Includes Index |
| 505 ## - FORMATTED CONTENTS NOTE | |
| Table of Content | Chapter 1: Introduction<br/>Chapter 2: Analysis of Financial Statements and Cash Flow<br/>Chapter 3: Financial Forecasting, Planning and Budgeting<br/>Chapter 4: The Management of Working Capital<br/>Chapter 5: Short-Term Financing<br/>Chapter 6: Time Value of Money<br/>Chapter 7: Risk, Return and Valuation<br/>Chapter 8: Capital Budgeting (Including Leasing)<br/>Chapter 9: Capital Budgeting Under Risk<br/>Chapter 10: Cost of Capital<br/>Chapter 11: Leverage and Capital Structure<br/>Chapter 12: Dividend Policy<br/>Chapter 13: Term Loans and Leasing<br/>Chapter 14: Long - Term Debt<br/>Chapter 15: Preferred and Common Stock<br/>Chapter 16: Hybrids, Derivatives and Risk Management<br/>Chapter 17: Mergers and Acquisitions<br/>Chapter 18: Failure and Reorganization<br/>Chapter 19: MultiNational Finance |
| 650 ## - SUBJECTS | |
| Topical Term | Business enterprises |
| General subdivision | Finance. |
| 650 ## - SUBJECTS | |
| Topical Term | Corporations -- Finance. |
| 650 ## - SUBJECTS | |
| Topical Term | Managerial accounting. |
| 700 ## - OTHER AUTHORS | |
| Personal name | Shim, Jae K.; |
| 710 ## - OTHER AUTHORS | |
| OTHER AUTHORS | Joel G Siegel |
| 942 ## - ADDED ENTRY ELEMENTS (KOHA) | |
| Koha item type | Books |
| Withdrawn status | Lost status | Home library | Current library | Shelving location | Date acquired | Full call number | Accession Number | Koha item type |
|---|---|---|---|---|---|---|---|---|
| Methodist University Library Tema | Methodist University Library Tema | Reference | 05/04/2015 | HG4026 .Sh6 | 1278 | Books |